Initiation à la programmation

Uloženo v:
Podrobná bibliografie
Hlavní autor: Morange, Pierre (autor)
Médium: Kniha
Jazyk:francouzština
Vydáno: París Dunod Economie 1969
Edice:Collection La Vie de L'entreprise
Témata:
Tagy: Přidat tag
Žádné tagy, Buďte první, kdo vytvoří štítek k tomuto záznamu!

MARC

LEADER 00000nam a2200000 a 4500
001 UCT7560
003 CL-VaPUC
008 970123e19690000FR |||||||||||||||||fre|d
082 0 4 |a 005.1  |b MOR  |2 21 
100 |a Morange, Pierre  |e autor  |9 378556 
245 1 0 |a Initiation à la programmation 
300 |a 110 p 
942 |c BK 
945 |d 19970123 00:00:00  |a nastorga 
260 |a París  |b Dunod Economie  |c 1969 
650 0 |a Programación   |9 259316 
650 7 |a LENGUAJES  |2 CL-VaPUC  |9 378557 
650 0 |a Simbología  |9 267342 
650 0 |a Ejercicios   |9 269807 
650 0 |a Software  |9 387312 
583 |a last modification  |c 19970123 00:00:00  |k Rodrigo Vera 
490 0 |a Collection La Vie de L'entreprise 
999 |c 256142  |d 256140 
952 |0 0  |1 0  |4 0  |6 005_100000000000000_MOR_1969  |7 0  |8 P  |9 278715  |a BIBGIM  |b BIBGIM  |d 2019-11-19  |i 327862K  |o 005.1 MOR 1969  |p 327862K  |r 2025-01-15  |w 2019-11-19  |y BK  |k COM